Internet a jeho využitie pri prezentácii spoločensky zodpovedných firiem
Nárast informačného dopytu zodpovedných spotrebiteľov. Politický spotrebiteľ, ktorý svojimi peniazmi hlasuje za alebo proti určitej firme. Zodpovedný spotrebiteľ na Slovensku. Internet - najbohatší zdroj informácií o spoločensky zodpovedných firmách. Organizácia CSR Europe. Virálny marketing. Zvyšov...
Salvato in:
| Autore principale: | |
|---|---|
| Natura: | Capitolo di libro |
| Lingua: | slovacco |
| Soggetti: | |
| Tags: |
Nessun Tag, puoi essere il primo ad aggiungerne!!
|
MARC
| LEADER | 00000naa$a2200000$$$4500 | ||
|---|---|---|---|
| 001 | 0081055 | ||
| 005 | 20240522074858.3 | ||
| 041 | 0 | |a slo | |
| 044 | |a SK | ||
| 245 | 1 | 0 | |a Internet a jeho využitie pri prezentácii spoločensky zodpovedných firiem |c Katarína Chomová |
| 520 | |a Nárast informačného dopytu zodpovedných spotrebiteľov. Politický spotrebiteľ, ktorý svojimi peniazmi hlasuje za alebo proti určitej firme. Zodpovedný spotrebiteľ na Slovensku. Internet - najbohatší zdroj informácií o spoločensky zodpovedných firmách. Organizácia CSR Europe. Virálny marketing. Zvyšovanie angažovanosti zákazníkov. | ||
| 610 | 2 | 0 | |a marketing |
| 610 | 2 | 0 | |a firmy |
| 610 | 2 | 0 | |a zákazníci |
| 610 | 2 | 0 | |a spotrebitelia |
| 610 | 2 | 0 | |a zodpovednosť spoločenská |
| 610 | 2 | 0 | |a internet |
| 100 | 1 | |a Chomová, Katarína, 1983- | |